(Record no. 1960)
[ view plain ]
| 000 -LEADER | |
|---|---|
| fixed length control field | 00254nam a2200097Ia 4500 |
| 008 - FIXED-LENGTH DATA ELEMENTS--GENERAL INFORMATION | |
| fixed length control field | 151015s9999 xx 000 0 und d |
| 250 ## - EDITION STATEMENT | |
| Edition statement | _The Constitution of Kenya |
| 300 ## - PHYSICAL DESCRIPTION | |
| Extent | Nairobi : |
| 650 ## - SUBJECT ADDED ENTRY--TOPICAL TERM | |
| Topical term or geographic name as entry element | _Laws of Kenya |
| 700 ## - ADDED ENTRY--PERSONAL NAME | |
| Personal name | ^d20110513 12:31:23^okilerai |
No items available.